MARC

LEADER 00000nam0a2200000 4500
001 249938
005 20231101232523.0
010 |a 5020059765 
035 |a (RuTPU)RU\TPU\book\272075 
090 |a 249938 
100 |a 20140210d1989 k y0rusy50 ca 
101 0 |a rus 
102 |a RU 
105 |a a z 001zy 
200 1 |a Структуры в геотермальных системах  |f С. С. Сардаров  |g Академия наук СССР (АН СССР), Институт геотермии 
210 |a Москва  |c Наука  |d 1989 
215 |a 151 с.  |c ил. 
320 |a Библиогр.: с. 144-150. 
606 1 |a Геотермика  |x (геофизика)  |2 stltpush  |3 (RuTPU)RU\TPU\subj\6236  |9 34168 
610 1 |a геотермальные системы 
610 1 |a структуры 
610 1 |a энтропия 
610 1 |a неравновесные системы 
610 1 |a геофизическая среда 
610 1 |a диссипативные структуры 
610 1 |a приливы 
610 1 |a термальные источники 
610 1 |a автоколебательные процессы 
610 1 |a пространственно-временные структуры 
610 1 |a использование 
675 |a 550.36  |v 3 
700 1 |a Сардаров  |b С. С.  |g Сард Селимович 
712 0 2 |a Академия наук СССР (АН СССР)  |b Институт геотермии  |2 stltpush  |3 (RuTPU)RU\TPU\col\19331 
801 1 |a RU  |b 63413507  |c 20140210 
801 2 |a RU  |b 63413507  |c 20140228  |g RCR 
942 |c BK